Guide to project management in the construction industry (Record no. 106021)

MARC details
000 -LEADER
fixed length control field 01414cam a2200241 4500
001 - CONTROL NUMBER
control field ##L135356
008 - FIXED-LENGTH DATA ELEMENTS--GENERAL INFORMATION
fixed length control field 061017n2006 000 0 eng u
020 ## - INTERNATIONAL STANDARD BOOK NUMBER
International Standard Book Number 0580481441
035 ## - SYSTEM CONTROL NUMBER
System control number (Sirsi) u135356
041 0# - LANGUAGE CODE
Language code of text/sound track or separate title eng
050 04 - LIBRARY OF CONGRESS CALL NUMBER
Classification number 658 $2 18
110 2# - MAIN ENTRY--CORPORATE NAME
Corporate name or jurisdiction name as entry element British Standards Institution
9 (RLIN) 130
245 00 - TITLE STATEMENT
Title Guide to project management in the construction industry
260 ## - PUBLICATION, DISTRIBUTION, ETC.
Place of publication, distribution, etc. [S.l.]
Name of publisher, distributor, etc. BSI
Date of publication, distribution, etc. 2006
300 ## - PHYSICAL DESCRIPTION
Extent 74p.
Other physical details ill.
Dimensions 30cm.
350 ## - PRICE (NR) (BK AM CF MU VM SE) [OBSOLETE]
Price 45
505 2# - FORMATTED CONTENTS NOTE
Formatted contents note Project management in the construction industry -- The project management plan -- Scope definition and scope-related processes -- Project organisation structure -- The project lifecycle -- The product delivery process -- Regulatory and enabling processes -- Project management and control processes
520 ## - SUMMARY, ETC.
Summary, etc. Sets out the principles and processes of project management as they apply to construction projects irrespective of scope, size or organisation of the project. The processes, and the issues highlighted, are relevant to all projects and to all types of contractual arrangement. Designed to be equally applicable to a project manager working for a specialist subcontractor managing an element of the construction, or the ultimate client's project manager with overall responsibility for the client's entire project.
590 ## - LOCAL NOTE (RLIN)
Local note IKA141106 NTK
651 #4 - SUBJECT ADDED ENTRY--GEOGRAPHIC NAME
Geographic name United Kingdom
Chronological subdivision
690 ## - LOCAL SUBJECT ADDED ENTRY--TOPICAL TERM (OCLC, RLIN)
Topical term or geographic name as entry element Project management
9 (RLIN) 6261
942 ## - ADDED ENTRY ELEMENTS (KOHA)
Suppress in OPAC 0
Holdings
Withdrawn status Lost status Source of classification or shelving scheme Damaged status Not for loan Home library Current library Shelving location Date acquired Cost, normal purchase price Total Checkouts Full call number Barcode Date last seen Date last checked out Copy number Cost, replacement price Price effective from Koha item type
    Dewey Decimal Classification     London London Books 10/11/2006 45.00 20 F658.99 GOU 30073448 06/08/2019 23/11/2009 1 45.00 06/08/2019 Book